[Event "V Open Escacs Xàtiva"]
[Site "Xàtiva, Spain"]
[Date "2019.07.20"]
[Round "8.16"]
[White "Albuixech Soler, Jordi"]
[Black "Ramirez Aucejo, Hector"]
[Result "0-1"]
[WhiteElo "1330"]
[BlackElo "1686"]
[PlyCount "94"]
[EventDate "2019.??.??"]

1. f4 {[%clk 01:30:57]  [%emt 00:00:09]} 1... Nf6 {
[%clk 01:20:55]  [%emt 00:10:06]} 2. Nf3 {[%clk 01:31:18]  [%emt 00:00:04]}
2... d6 {[%clk 01:20:03]  [%emt 00:01:37]} 3. d3 {
[%clk 01:30:06]  [%emt 00:01:27]} 3... Bg4 {[%clk 01:18:04]  [%emt 00:02:24]}
4. e4 {[%clk 01:29:53]  [%emt 00:00:59]} 4... Nc6 {
[%clk 01:17:46]  [%emt 00:00:37]} 5. Be2 {[%clk 01:30:06]  [%emt 00:00:15]}
5... g6 {[%clk 01:16:41]  [%emt 00:01:38]} 6. Nc3 {
[%clk 01:29:57]  [%emt 00:00:35]} 6... Bg7 {[%clk 01:16:06]  [%emt 00:01:08]}
7. O-O {[%clk 01:29:24]  [%emt 00:00:59]} 7... Nd7 {
[%clk 01:08:36]  [%emt 00:08:01]} 8. a3 {[%clk 01:26:55]  [%emt 00:03:16]} 8...
Nb6 {[%clk 01:05:33]  [%emt 00:03:15]} 9. Qe1 {[%clk 01:26:48]  [%emt 00:00:36]
} 9... Qd7 {[%clk 01:04:34]  [%emt 00:01:30]} 10. Rb1 {
[%clk 01:25:41]  [%emt 00:01:47]} 10... a5 {[%clk 01:03:47]  [%emt 00:01:08]}
11. Be3 {[%clk 01:22:44]  [%emt 00:03:25]} 11... Bxf3 {
[%clk 01:03:27]  [%emt 00:00:55]} 12. Bxf3 {[%clk 01:21:56]  [%emt 00:01:51]}
12... Nd4 {[%clk 01:03:27]} 13. Bd1 {[%clk 01:12:41]  [%emt 00:09:38]} 13... a4
{[%clk 01:03:09]  [%emt 00:01:06]} 14. Qf2 {[%clk 01:12:23]  [%emt 00:00:43]}
14... c5 {[%clk 01:02:22]  [%emt 00:01:03]} 15. Ne2 {
[%clk 01:08:47]  [%emt 00:04:05]} 15... Nxe2+ {[%clk 00:59:04]  [%emt 00:03:48]
} 16. Bxe2 {[%clk 01:07:24]  [%emt 00:01:54]} 16... Qc7 {
[%clk 00:57:49]  [%emt 00:01:44]} 17. f5 {[%clk 01:04:03]  [%emt 00:03:51]}
17... Bf6 {[%clk 00:55:27]  [%emt 00:02:59]} 18. Qg3 {
[%clk 00:54:07]  [%emt 00:10:26]} 18... Nd7 {[%clk 00:51:29]  [%emt 00:04:21]}
19. c3 {[%clk 00:52:43]  [%emt 00:01:54]} 19... Ra5 {
[%clk 00:41:31]  [%emt 00:10:28]} 20. d4 {[%clk 00:44:47]  [%emt 00:08:28]}
20... cxd4 {[%clk 00:40:30]  [%emt 00:01:38]} 21. cxd4 {
[%clk 00:44:32]  [%emt 00:00:38]} 21... O-O {[%clk 00:38:16]  [%emt 00:02:41]}
22. fxg6 {[%clk 00:39:49]  [%emt 00:05:26]} 22... hxg6 {
[%clk 00:36:40]  [%emt 00:01:53]} 23. Rfc1 {[%clk 00:39:51]  [%emt 00:00:28]}
23... Qb6 {[%clk 00:36:18]  [%emt 00:00:52]} 24. e5 {
[%clk 00:37:01]  [%emt 00:03:21]} 24... Bg7 {[%clk 00:36:15]  [%emt 00:00:37]}
25. exd6 {[%clk 00:35:28]  [%emt 00:01:58]} 25... Bxd4 {
[%clk 00:36:04]  [%emt 00:00:40]} 26. Bf2 {[%clk 00:34:07]  [%emt 00:02:30]}
26... Bxf2+ {[%clk 00:35:57]  [%emt 00:00:04]} 27. Qxf2 {
[%clk 00:34:30]  [%emt 00:00:07]} 27... Qxd6 {[%clk 00:35:58]  [%emt 00:00:24]}
28. Rd1 {[%clk 00:32:21]  [%emt 00:02:44]} 28... Rd5 {
[%clk 00:31:29]  [%emt 00:05:18]} 29. Qa7 {[%clk 00:30:59]  [%emt 00:01:36]}
29... Rxd1+ {[%clk 00:31:08]  [%emt 00:00:43]} 30. Rxd1 {
[%clk 00:31:23]  [%emt 00:00:07]} 30... Qc5+ {[%clk 00:31:22]  [%emt 00:00:44]}
31. Qxc5 {[%clk 00:31:29]} 31... Nxc5 {[%clk 00:31:51]} 32. Rc1 {
[%clk 00:31:41]  [%emt 00:00:17]} 32... b6 {[%clk 00:31:28]  [%emt 00:00:57]}
33. Rc4 {[%clk 00:31:20]  [%emt 00:00:45]} 33... Rd8 {
[%clk 00:30:42]  [%emt 00:01:18]} 34. Rb4 {[%clk 00:31:29]  [%emt 00:01:39]}
34... Rd2 {[%clk 00:30:25]} 35. Bc4 {[%clk 00:29:08]  [%emt 00:02:20]} 35...
Rd6 {[%clk 00:28:05]  [%emt 00:02:57]} 36. Kf2 {
[%clk 00:28:38]  [%emt 00:00:49]} 36... Kg7 {[%clk 00:27:39]  [%emt 00:00:57]}
37. Ke3 {[%clk 00:28:45]  [%emt 00:00:22]} 37... f5 {
[%clk 00:24:58]  [%emt 00:03:23]} 38. g3 {[%clk 00:28:05]  [%emt 00:01:19]}
38... Kf6 {[%clk 00:24:20]  [%emt 00:01:05]} 39. h3 {
[%clk 00:27:10]  [%emt 00:01:06]} 39... e5 {[%emt 00:00:50]} 40. Be2 {
[%clk 00:26:42]  [%emt 00:00:37]} 40... g5 {[%clk 00:18:19]  [%emt 00:06:33]}
41. h4 {[%clk 00:24:45]  [%emt 00:02:27]} 41... gxh4 {
[%clk 00:15:58]  [%emt 00:02:55]} 42. Rxh4 {[%clk 00:24:53]  [%emt 00:00:17]}
42... Ne4 {[%clk 00:14:10]  [%emt 00:02:20]} 43. Rh6+ {
[%clk 00:24:02]  [%emt 00:01:24]} 43... Kg5 {[%clk 00:14:00]  [%emt 00:00:36]}
44. Rxd6 {[%clk 00:22:44]  [%emt 00:01:48]} 44... Nxd6 {
[%clk 00:14:19]  [%emt 00:00:16]} 45. Kf3 {[%clk 00:22:39]  [%emt 00:00:40]}
45... b5 {[%clk 00:13:56]  [%emt 00:01:02]} 46. Bd1 {
[%clk 00:22:42]  [%emt 00:00:13]} 46... Nc4 {[%clk 00:14:13]  [%emt 00:00:14]}
47. g4 {[%clk 00:21:28]  [%emt 00:01:57]} 47... e4+ {[%emt 00:04:21]} 0-1

[Event "V Open Escacs Xàtiva"]
[Site "Xàtiva, Spain"]
[Date "2019.07.21"]
[Round "9.1"]
[White "Cruz Lledo, Pablo"]
[Black "Megias Chafer, Alejandro"]
[Result "1-0"]
[WhiteElo "2442"]
[BlackElo "2119"]
[PlyCount "47"]
[EventDate "2019.??.??"]

1. d4 {[%clk 01:25:22]  [%emt 00:05:37]} 1... d5 {
[%clk 01:30:51]  [%emt 00:00:09]} 2. c4 {[%clk 01:25:49]  [%emt 00:00:04]} 2...
c6 {[%clk 01:31:11]  [%emt 00:00:10]} 3. Nf3 {[%clk 01:26:15]  [%emt 00:00:03]}
3... Nf6 {[%clk 01:31:23]  [%emt 00:00:18]} 4. Nc3 {
[%clk 01:26:40]  [%emt 00:00:04]} 4... g6 {[%clk 01:29:55]  [%emt 00:01:59]} 5.
cxd5 {[%clk 01:26:26]  [%emt 00:00:45]} 5... cxd5 {
[%clk 01:30:04]  [%emt 00:00:20]} 6. Bf4 {[%clk 01:26:42]  [%emt 00:00:14]}
6... a6 {[%clk 01:28:37]  [%emt 00:01:57]} 7. Rc1 {
[%clk 01:26:29]  [%emt 00:00:43]} 7... Bg7 {[%clk 01:28:23]  [%emt 00:00:44]}
8. e3 {[%clk 01:26:28]  [%emt 00:00:31]} 8... O-O {
[%clk 01:28:24]  [%emt 00:00:29]} 9. Be2 {[%clk 01:26:39]  [%emt 00:00:19]}
9... Nc6 {[%clk 01:26:28]  [%emt 00:02:26]} 10. Ne5 {
[%clk 01:26:14]  [%emt 00:00:55]} 10... Bd7 {[%clk 01:21:48]  [%emt 00:05:11]}
11. O-O {[%clk 01:26:11]  [%emt 00:00:32]} 11... Rc8 {
[%clk 01:21:24]  [%emt 00:00:53]} 12. Nd3 {[%clk 01:22:36]} 12... Qb6 {
[%clk 01:15:09]  [%emt 00:10:50]} 13. Nc5 {[%clk 01:16:18]  [%emt 00:06:49]}
13... Rfd8 {[%clk 01:01:49]  [%emt 00:13:50]} 14. Qb3 {
[%clk 01:12:57]  [%emt 00:03:50]} 14... Qxb3 {[%clk 00:55:43]  [%emt 00:06:38]}
15. axb3 {[%clk 01:12:39]  [%emt 00:00:48]} 15... b5 {
[%clk 00:51:11]  [%emt 00:05:01]} 16. Nxa6 {[%clk 01:12:35]  [%emt 00:00:35]}
16... b4 {[%clk 00:51:07]  [%emt 00:00:34]} 17. Na4 {
[%clk 01:12:49]  [%emt 00:00:16]} 17... Ne4 {[%clk 00:40:34]  [%emt 00:11:03]}
18. Nb6 {[%clk 01:12:20]  [%emt 00:00:59]} 18... Nd2 {
[%clk 00:39:35]  [%emt 00:01:29]} 19. Nxc8 {[%clk 01:12:40]  [%emt 00:00:10]}
19... Rxc8 {[%clk 00:38:46]  [%emt 00:01:19]} 20. Nc5 {
[%clk 01:09:58]  [%emt 00:03:12]} 20... Nxf1 {[%clk 00:38:15]  [%emt 00:01:00]}
21. Nxd7 {[%clk 01:10:18]  [%emt 00:00:10]} 21... Nd2 {
[%clk 00:37:31]  [%emt 00:01:15]} 22. Ba6 {[%clk 01:09:25]  [%emt 00:01:23]}
22... Nxb3 {[%clk 00:37:31]  [%emt 00:00:31]} 23. Rc2 {
[%clk 01:09:43]  [%emt 00:00:11]} 23... Ra8 {[%clk 00:34:03]  [%emt 00:03:58]}
24. Rxc6 {[%clk 01:09:50]  [%emt 00:00:22]} 1-0

[Event "V Open Escacs Xàtiva"]
[Site "Xàtiva, Spain"]
[Date "2019.07.21"]
[Round "9.2"]
[White "Iagar, Razvan-Gabriel"]
[Black "Hernandez Lopez, Alberto"]
[Result "1/2-1/2"]
[WhiteElo "2138"]
[BlackElo "2038"]
[PlyCount "81"]
[EventDate "2019.??.??"]

1. d4 {[%clk 01:30:58]  [%emt 00:00:01]} 1... Nf6 {
[%clk 01:30:57]  [%emt 00:00:02]} 2. Nf3 {[%clk 01:31:22]  [%emt 00:00:07]}
2... g6 {[%clk 01:31:23]  [%emt 00:00:04]} 3. c4 {[%emt 00:00:08]} 3... Bg7 {
[%clk 01:31:47]} 4. Nc3 {[%clk 01:32:17]  [%emt 00:00:03]} 4... O-O {
[%clk 01:32:10]  [%emt 00:00:07]} 5. g3 {[%clk 01:32:45]  [%emt 00:00:02]} 5...
d6 {[%clk 01:32:30]  [%emt 00:00:09]} 6. Bg2 {[%clk 01:33:12]  [%emt 00:00:04]}
6... Bf5 {[%clk 01:32:48]  [%emt 00:00:12]} 7. Nh4 {
[%clk 01:32:30]  [%emt 00:01:12]} 7... Bc8 {[%clk 01:33:16]  [%emt 00:00:02]}
8. Nf3 {[%clk 01:32:51]  [%emt 00:00:09]} 8... c6 {
[%clk 01:33:36]  [%emt 00:00:10]} 9. O-O {[%clk 01:33:08]  [%emt 00:00:13]}
9... Bf5 {[%clk 01:34:00]  [%emt 00:00:05]} 10. Nh4 {
[%clk 01:31:53]  [%emt 00:01:46]} 10... Be6 {[%clk 01:34:17]  [%emt 00:00:12]}
11. d5 {[%clk 01:31:27]  [%emt 00:00:57]} 11... cxd5 {
[%clk 01:34:39]  [%emt 00:00:08]} 12. cxd5 {[%clk 01:31:41]  [%emt 00:00:17]}
12... Bd7 {[%clk 01:34:59]  [%emt 00:00:08]} 13. Be3 {
[%clk 01:28:35]  [%emt 00:03:37]} 13... b5 {[%clk 01:32:19]  [%emt 00:03:10]}
14. a3 {[%clk 01:28:25]  [%emt 00:00:40]} 14... a5 {
[%clk 01:30:56]  [%emt 00:01:53]} 15. Qd3 {[%clk 01:27:10]  [%emt 00:01:44]}
15... Qe8 {[%clk 01:30:08]  [%emt 00:01:18]} 16. Nf3 {
[%clk 01:22:15]  [%emt 00:05:27]} 16... Na6 {[%clk 01:28:33]  [%emt 00:02:04]}
17. Bd4 {[%clk 01:07:42]  [%emt 00:15:03]} 17... b4 {
[%clk 01:25:14]  [%emt 00:03:48]} 18. axb4 {[%clk 01:06:52]  [%emt 00:01:21]}
18... Nxb4 {[%clk 01:25:30]  [%emt 00:00:14]} 19. Qd2 {
[%clk 01:04:27]  [%emt 00:02:54]} 19... Bf5 {[%clk 01:21:41]  [%emt 00:04:20]}
20. Nh4 {[%clk 01:01:19]  [%emt 00:03:38]} 20... Bg4 {
[%clk 01:05:42]  [%emt 00:16:28]} 21. h3 {[%clk 01:00:15]  [%emt 00:01:36]}
21... Bd7 {[%clk 01:06:07]  [%emt 00:00:04]} 22. Kh2 {
[%clk 00:57:52]  [%emt 00:02:53]} 22... Qb8 {[%clk 01:02:23]  [%emt 00:04:14]}
23. e4 {[%clk 00:55:14]  [%emt 00:03:09]} 23... Ne8 {
[%clk 00:59:44]  [%emt 00:03:08]} 24. Bxg7 {[%clk 00:55:12]  [%emt 00:00:32]}
24... Nxg7 {[%clk 00:58:59]  [%emt 00:01:15]} 25. f4 {
[%clk 00:52:42]  [%emt 00:03:01]} 25... Qb6 {[%clk 00:55:30]  [%emt 00:03:59]}
26. Nf3 {[%clk 00:50:51]  [%emt 00:02:21]} 26... f6 {
[%clk 00:51:30]  [%emt 00:04:29]} 27. Nd4 {[%clk 00:46:18]  [%emt 00:05:03]}
27... Rac8 {[%clk 00:50:08]  [%emt 00:01:52]} 28. Rfd1 {
[%clk 00:41:02]  [%emt 00:05:47]} 28... Rc7 {[%clk 00:45:34]  [%emt 00:05:04]}
29. Nb3 {[%clk 00:39:58]} 29... Ra8 {[%clk 00:45:00]  [%emt 00:02:39]} 30. Qd4
{[%clk 00:38:39]} 30... Qxd4 {[%clk 00:44:08]  [%emt 00:03:11]} 31. Nxd4 {
[%clk 00:39:03]} 31... Rc4 {[%clk 00:42:26]  [%emt 00:02:17]} 32. Bf1 {
[%clk 00:35:34]} 32... Rxd4 {[%clk 00:35:19]  [%emt 00:11:36]} 33. Rxd4 {
[%clk 00:36:03]} 33... Nc2 {[%clk 00:35:42]  [%emt 00:00:08]} 34. Rdd1 {
[%clk 00:34:31]} 34... Nxa1 {[%clk 00:35:55]  [%emt 00:02:19]} 35. Rxa1 {
[%clk 00:35:00]} 35... Rb8 {[%clk 00:33:33]  [%emt 00:02:54]} 36. Ra2 {
[%clk 00:34:31]} 36... Rb4 {[%clk 00:33:45]  [%emt 00:01:16]} 37. Kg2 {
[%clk 00:26:05]} 37... Kf7 {[%clk 00:32:13]  [%emt 00:10:58]} 38. Kf3 {
[%clk 00:26:01]} 38... h5 {[%clk 00:30:23]  [%emt 00:02:53]} 39. Ke3 {
[%clk 00:22:43]} 39... h4 {[%clk 00:23:03]  [%emt 00:11:38]} 40. g4 {
[%clk 00:21:01]} 40... g5 {[%clk 00:22:05]  [%emt 00:03:41]} 41. f5 {
[%clk 00:20:03]  [%emt 00:01:27]} 1/2-1/2

[Event "V Open Escacs Xàtiva"]
[Site "Xàtiva, Spain"]
[Date "2019.07.21"]
[Round "9.3"]
[White "Perez Mas, Jose Manuel"]
[Black "Martinez Lopez, Jose Luis"]
[Result "1-0"]
[WhiteElo "1711"]
[BlackElo "1702"]
[PlyCount "81"]
[EventDate "2019.??.??"]

1. d4 {[%clk 01:30:50]  [%emt 00:00:09]} 1... d5 {
[%clk 01:30:35]  [%emt 00:00:25]} 2. Bf4 {[%clk 01:31:06]  [%emt 00:00:14]}
2... Nf6 {[%clk 01:30:40]  [%emt 00:00:24]} 3. e3 {
[%clk 01:31:21]  [%emt 00:00:15]} 3... g6 {[%clk 01:30:59]  [%emt 00:00:11]} 4.
Nf3 {[%clk 01:31:09]  [%emt 00:00:43]} 4... Bg7 {
[%clk 01:31:03]  [%emt 00:00:25]} 5. Nbd2 {[%clk 01:31:18]  [%emt 00:00:22]}
5... O-O {[%clk 01:30:59]  [%emt 00:00:34]} 6. Be2 {
[%clk 01:31:01]  [%emt 00:00:46]} 6... Nbd7 {[%clk 01:31:10]  [%emt 00:00:19]}
7. Ne5 {[%clk 01:28:33]  [%emt 00:02:58]} 7... c5 {
[%clk 01:28:04]  [%emt 00:03:36]} 8. c3 {[%clk 01:28:19]  [%emt 00:00:44]} 8...
Qb6 {[%clk 01:15:38]  [%emt 00:12:56]} 9. Qc2 {[%clk 01:28:11]  [%emt 00:00:38]
} 9... Nxe5 {[%clk 01:13:27]  [%emt 00:02:42]} 10. Bxe5 {
[%clk 01:28:29]  [%emt 00:00:12]} 10... Bf5 {[%clk 01:13:31]  [%emt 00:00:24]}
11. Qc1 {[%clk 01:25:16]  [%emt 00:03:45]} 11... Rac8 {
[%clk 01:12:40]  [%emt 00:01:21]} 12. h3 {[%clk 01:20:39]  [%emt 00:05:07]}
12... Nd7 {[%clk 01:07:29]  [%emt 00:05:41]} 13. Bxg7 {
[%clk 01:20:33]  [%emt 00:00:36]} 13... Kxg7 {[%clk 01:07:52]  [%emt 00:00:08]}
14. g4 {[%clk 01:20:26]  [%emt 00:00:37]} 14... Be6 {
[%clk 01:08:07]  [%emt 00:00:15]} 15. f4 {[%clk 01:16:25]  [%emt 00:04:31]}
15... Nf6 {[%clk 01:03:45]  [%emt 00:04:52]} 16. Bf3 {
[%clk 01:09:47]  [%emt 00:07:08]} 16... Qd6 {[%clk 01:00:43]  [%emt 00:03:32]}
17. g5 {[%clk 01:04:19]  [%emt 00:05:58]} 17... Nd7 {
[%clk 00:59:46]  [%emt 00:01:27]} 18. Nf1 {[%clk 01:02:37]  [%emt 00:02:12]}
18... Bf5 {[%clk 00:57:33]  [%emt 00:02:44]} 19. Ng3 {
[%clk 01:01:05]  [%emt 00:02:02]} 19... Be6 {[%clk 00:55:22]  [%emt 00:02:42]}
20. Qd2 {[%clk 00:57:35]  [%emt 00:04:00]} 20... f6 {
[%clk 00:53:57]  [%emt 00:01:55]} 21. h4 {[%clk 00:56:41]  [%emt 00:01:23]}
21... Nb6 {[%clk 00:48:32]  [%emt 00:05:55]} 22. Be2 {
[%clk 00:53:20]  [%emt 00:03:51]} 22... cxd4 {[%clk 00:46:47]  [%emt 00:02:16]}
23. Qxd4 {[%clk 00:45:51]  [%emt 00:07:58]} 23... a6 {
[%clk 00:38:44]  [%emt 00:08:33]} 24. h5 {[%clk 00:43:57]  [%emt 00:02:24]}
24... Qc5 {[%clk 00:35:38]  [%emt 00:03:37]} 25. gxf6+ {
[%clk 00:35:36]  [%emt 00:08:51]} 25... exf6 {[%clk 00:35:46]  [%emt 00:00:21]}
26. Qxc5 {[%clk 00:32:28]  [%emt 00:03:38]} 26... Rxc5 {
[%clk 00:36:07]  [%emt 00:00:09]} 27. hxg6 {[%clk 00:32:23]  [%emt 00:00:35]}
27... hxg6 {[%clk 00:36:20]  [%emt 00:00:17]} 28. Kf2 {
[%clk 00:29:07]  [%emt 00:03:47]} 28... Nc4 {[%clk 00:36:25]  [%emt 00:00:25]}
29. Bxc4 {[%clk 00:28:28]  [%emt 00:01:09]} 29... Rxc4 {
[%clk 00:36:45]  [%emt 00:00:11]} 30. Rag1 {[%clk 00:27:49]  [%emt 00:01:08]}
30... Bg8 {[%clk 00:25:57]  [%emt 00:11:18]} 31. Nf5+ {
[%clk 00:27:04]  [%emt 00:01:16]} 31... Kf7 {[%clk 00:25:54]  [%emt 00:00:34]}
32. Nd6+ {[%clk 00:27:20]  [%emt 00:00:14]} 32... Kg7 {
[%clk 00:26:03]  [%emt 00:00:21]} 33. Nxc4 {[%clk 00:27:28]  [%emt 00:00:21]}
33... dxc4 {[%clk 00:26:33]} 34. Rd1 {[%clk 00:27:14]  [%emt 00:00:45]} 34...
Be6 {[%clk 00:26:51]  [%emt 00:00:13]} 35. e4 {[%clk 00:25:17]  [%emt 00:02:26]
} 35... Re8 {[%clk 00:26:50]  [%emt 00:00:31]} 36. Rhg1 {
[%clk 00:24:00]  [%emt 00:01:46]} 36... Rh8 {[%clk 00:26:42]  [%emt 00:00:39]}
37. f5 {[%clk 00:23:35]  [%emt 00:00:55]} 37... Bf7 {
[%clk 00:26:28]  [%emt 00:00:44]} 38. fxg6 {[%clk 00:23:44]  [%emt 00:00:21]}
38... Be6 {[%clk 00:26:38]  [%emt 00:00:20]} 39. Rd6 {
[%clk 00:23:10]  [%emt 00:01:04]} 39... Bc8 {[%clk 00:26:35]  [%emt 00:00:34]}
40. Rd5 {[%clk 00:21:58]  [%emt 00:01:41]} 40... Rh2+ {
[%clk 00:26:13]  [%emt 00:00:52]} 41. Ke3 {[%clk 00:20:34]  [%emt 00:01:54]}
1-0

[Event "V Open Escacs Xàtiva"]
[Site "Xàtiva, Spain"]
[Date "2019.07.21"]
[Round "9.4"]
[White "Deruelle Sala, Albert"]
[Black "Custard Gasco, Daniela Brenda"]
[Result "1-0"]
[WhiteElo "2076"]
[BlackElo "1811"]
[PlyCount "85"]
[EventDate "2019.??.??"]

1. Nf3 {[%clk 01:30:58]  [%emt 00:00:01]} 1... Nf6 {
[%clk 01:30:24]  [%emt 00:00:36]} 2. b3 {[%clk 01:31:21]  [%emt 00:00:07]} 2...
c5 {[%clk 01:29:54]  [%emt 00:00:59]} 3. Bb2 {[%clk 01:31:45]  [%emt 00:00:07]}
3... e6 {[%clk 01:29:54]  [%emt 00:00:30]} 4. g3 {
[%clk 01:32:04]  [%emt 00:00:11]} 4... Be7 {[%clk 01:30:00]  [%emt 00:00:24]}
5. Bg2 {[%clk 01:32:28]  [%emt 00:00:06]} 5... O-O {
[%clk 01:30:11]  [%emt 00:00:20]} 6. O-O {[%clk 01:32:51]  [%emt 00:00:07]}
6... d6 {[%clk 01:29:06]  [%emt 00:01:35]} 7. c4 {
[%clk 01:33:13]  [%emt 00:00:08]} 7... Qc7 {[%clk 01:28:06]  [%emt 00:01:30]}
8. Nc3 {[%clk 01:33:35]  [%emt 00:00:08]} 8... a6 {
[%clk 01:28:25]  [%emt 00:00:11]} 9. d4 {[%clk 01:34:00]  [%emt 00:00:05]} 9...
Nbd7 {[%clk 01:27:09]  [%emt 00:01:45]} 10. e4 {
[%clk 01:34:10]  [%emt 00:00:21]} 10... b6 {[%clk 01:23:22]  [%emt 00:04:17]}
11. e5 {[%clk 01:33:17]  [%emt 00:01:22]} 11... dxe5 {
[%clk 01:22:41]  [%emt 00:01:12]} 12. dxe5 {[%clk 01:33:45]  [%emt 00:00:01]}
12... Ne8 {[%clk 01:20:58]  [%emt 00:02:12]} 13. Ne4 {
[%clk 01:31:04]  [%emt 00:03:12]} 13... Bb7 {[%clk 01:20:18]  [%emt 00:01:10]}
14. Qc2 {[%clk 01:25:58]  [%emt 00:06:05]} 14... Rd8 {
[%clk 01:16:46]  [%emt 00:04:33]} 15. h4 {[%clk 01:25:58]  [%emt 00:00:30]}
15... h6 {[%clk 01:11:26]  [%emt 00:05:49]} 16. Rad1 {
[%clk 01:24:04]  [%emt 00:02:25]} 16... Nb8 {[%clk 01:09:20]  [%emt 00:02:36]}
17. g4 {[%clk 01:09:03]  [%emt 00:15:31]} 17... Nc6 {
[%clk 00:59:43]  [%emt 00:10:07]} 18. g5 {[%clk 01:09:07]  [%emt 00:00:26]}
18... Nb4 {[%clk 00:55:25]  [%emt 00:04:48]} 19. Qb1 {
[%clk 01:09:01]  [%emt 00:00:36]} 19... Bxe4 {[%clk 00:55:45]  [%emt 00:00:11]}
20. Qxe4 {[%clk 01:09:28]  [%emt 00:00:03]} 20... hxg5 {
[%clk 00:51:14]  [%emt 00:05:00]} 21. Nxg5 {[%clk 01:05:45]  [%emt 00:04:13]}
21... Bxg5 {[%clk 00:51:23]  [%emt 00:00:20]} 22. hxg5 {
[%clk 01:06:14]  [%emt 00:00:02]} 22... a5 {[%clk 00:50:27]  [%emt 00:01:26]}
23. a3 {[%clk 01:06:23]  [%emt 00:00:20]} 23... Na6 {
[%clk 00:50:30]  [%emt 00:00:27]} 24. g6 {[%clk 01:06:49]  [%emt 00:00:03]}
24... Rxd1 {[%clk 00:49:47]  [%emt 00:01:14]} 25. Rxd1 {
[%clk 01:06:36]  [%emt 00:00:43]} 25... fxg6 {[%clk 00:50:07]  [%emt 00:00:10]}
26. Qxg6 {[%clk 01:06:14]  [%emt 00:00:52]} 26... Qf7 {
[%clk 00:49:56]  [%emt 00:00:40]} 27. Qxf7+ {[%clk 01:06:43]  [%emt 00:00:02]}
27... Rxf7 {[%clk 00:47:40]  [%emt 00:02:46]} 28. Rd8 {
[%clk 01:07:02]  [%emt 00:00:10]} 28... Rf8 {[%clk 00:46:32]  [%emt 00:01:37]}
29. Bh3 {[%clk 01:07:15]  [%emt 00:00:18]} 29... Nec7 {
[%clk 00:43:44]  [%emt 00:03:17]} 30. Rd6 {[%clk 01:07:38]  [%emt 00:00:07]}
30... Rf3 {[%clk 00:43:19]  [%emt 00:00:56]} 31. Bxe6+ {
[%clk 01:05:19]  [%emt 00:02:49]} 31... Nxe6 {[%clk 00:43:30]  [%emt 00:00:19]}
32. Rxe6 {[%clk 01:05:29]  [%emt 00:00:19]} 32... Rxb3 {
[%clk 00:43:48]  [%emt 00:00:12]} 33. Bc1 {[%clk 01:05:47]  [%emt 00:00:12]}
33... Rb1 {[%clk 00:43:46]  [%emt 00:00:33]} 34. Kg2 {
[%clk 01:06:12]  [%emt 00:00:05]} 34... Rxc1 {[%clk 00:43:56]  [%emt 00:00:20]}
35. Rxb6 {[%clk 01:06:38]  [%emt 00:00:04]} 35... Nc7 {
[%clk 00:42:36]  [%emt 00:01:49]} 36. Rc6 {[%clk 01:05:48]  [%emt 00:01:20]}
36... Rxc4 {[%clk 00:39:51]  [%emt 00:03:16]} 37. Rxc7 {
[%clk 01:06:08]  [%emt 00:00:10]} 37... Ra4 {[%clk 00:37:34]  [%emt 00:02:46]}
38. Rxc5 {[%clk 01:05:08]  [%emt 00:01:31]} 38... Rxa3 {
[%clk 00:37:56]  [%emt 00:00:09]} 39. e6 {[%clk 01:04:05]  [%emt 00:01:32]}
39... Kf8 {[%clk 00:38:06]  [%emt 00:00:19]} 40. Rc7 {
[%clk 01:04:30]  [%emt 00:00:05]} 40... a4 {[%clk 00:38:07]  [%emt 00:00:29]}
41. Rf7+ {[%clk 01:04:18]  [%emt 00:00:42]} 41... Kg8 {
[%clk 00:38:18]  [%emt 00:00:20]} 42. Rf4 {[%clk 01:03:36]  [%emt 00:01:11]}
42... Ra1 {[%clk 00:36:15]  [%emt 00:02:34]} 43. e7 {
[%clk 01:04:00]  [%emt 00:00:06]} 1-0